00642nam a2200241 a 4500001001300000003000900013005001700022008004100039020000800080082001600088100001600104245002000120260003400140300000900174500003500183505001700218650002500235700001600260902000800276942000700284952009400291999001500385nice12345678IN_TiNIC20260116011406.0050524s1947 laha grp 000 0 eng  ac000a922.97bRAV aRavoof, A A aMeet Mr. Jinnah aLahorebMuhammad Ashrafc1947 a242p aincludes index and biblioraphy2 aBibliography aMuhammad, Ali Jinnah1 aRavoof, A A bSRS cBK 00104070aHMIbHMId2005-05-24g0.00l0o922.97 RAVp01045r2022-03-23w2026-01-16yEB c1106d1106